000 00630nam a2200181 4500
008 171212b xxu||||| |||| 00| 0 eng d
020 _a9780472083695
082 _21997
_aDC 808.02
_bM52w
100 _925013
_aMenasche, Lionel, author.
245 _aWriting a research paper /
_cLionel Menasche.
250 _aRevised edition.
260 _aAnn Arbor :
_b University of Michigan Press,
_c©1997.
300 _ax, 148 pages :
_billustrations ;
_c26 cm.
500 _aIncludes index.
650 0 _925019
_aAcademic writing
_xProblems, exercises, etc.
650 0 _925020
_a Research
_xProblems, exercises, etc.
942 _2ddc
_cDC
999 _c8089
_d8089